Catálogo
 En Linea

Qué es un asistente social / (Registro nro. 25058)

Detalles MARC
000 -CABECERA
campo de control de longitud fija 00804nam a2200229 a 4500
001 - NÚMERO DE CONTROL
campo de control 000025566
005 - FECHA Y HORA DE LA ÚLTIMA TRANSACCIÓN
campo de control 20200930023900.0
008 - DATOS DE LONGITUD FIJA--INFORMACIÓN GENERAL
campo de control de longitud fija 110217s1971 ag r 000 0 spa d
040 ## - FUENTE DE LA CATALOGACIÓN
Centro catalogador/agencia de origen DO-SdBNP
Lengua de catalogación spa
Centro/agencia transcriptor BNPHU
041 17 - CÓDIGO DE LENGUA
Código de lengua del texto/banda sonora o título independiente spa
Código de lengua original eng
Fuente del código Código de idioma MARC
082 ## - NÚMERO DE LA CLASIFICACIÓN DECIMAL DEWEY
Número de clasificación NNN
Número de documento/Ítem P451q
049 ## - FONDOS LOCALES (OCLC)
Fondos de biblioteca BNGR
100 1# - ENTRADA PRINCIPAL--NOMBRE DE PERSONA
Nombre de persona Perlman, Helen Harris
9 (RLIN) 52246
240 10 - TÍTULO UNIFORME
Título uniforme So you want to be a social worker.
Lenguaje de la obra Español.
245 10 - MENCIÓN DE TÍTULO
Título Qué es un asistente social /
Mención de responsabilidad, etc. Helen Harris Perlman ; traducción directa del inglés, Juan Naya.
260 ## - PUBLICACIÓN, DISTRIBUCIÓN, ETC.
Lugar de publicación, distribución, etc. Buenos Aires :
Nombre del editor, distribuidor, etc. Hvmanitas,
Fecha de publicación, distribución, etc. [1971].
300 ## - DESCRIPCIÓN FÍSICA
Extensión 173, [2] p. ;
Dimensiones 20 cm.
490 1# - MENCIÓN DE SERIE
Mención de serie Promoción humana
Designación de volumen o secuencia 5
534 ## - NOTA SOBRE LA VERSIÓN ORIGINAL
Encabezamiento principal del original Título original inglés:
Mención de título del original So you want to be a social worker.
700 1# - PUNTO DE ACCESO ADICIONAL--NOMBRE DE PERSONA
Nombre de persona Naya, Juan
Término indicativo de función/relación tr.
9 (RLIN) 52247
830 #0 - PUNTO DE ACCESO ADICIONAL DE SERIE-TÍTULO UNIFORME
Título uniforme Promoción humana ;
Designación de volumen o secuencia 5
9 (RLIN) 48617
Existencias
Estado de retiro Estado de pérdida Restricciones de uso No para préstamo Código de colección Localización permanente Ubicación/localización actual Ubicación en estantería Fecha de adquisición Número de inventario Total de préstamos Signatura topográfica completa Código de barras Fecha visto por última vez Precio válido a partir de Tipo de ítem Koha
        Monografías: Libros y Folletos General General En catalogación 17.02.2011 LF1   NNN P451q 25566-10 25.06.2020 25.06.2020 Préstamo en sala

Con tecnología Koha